BIBLIOTECA

SENCICO

Previ resultados y conclusiones 20 años después / (Registro nro. 2310)

Detalles MARC
000 -LEADER
fixed length control field 00908nam a2200217Ia 4500
003 - CONTROL NUMBER IDENTIFIER
control field PE SENCICO BE
005 - DATE AND TIME OF LATEST TRANSACTION
control field 20251020182538.0
008 - FIXED-LENGTH DATA ELEMENTS--GENERAL INFORMATION
fixed length control field 200515s9999 xx 000 0 und d
040 ## - CATALOGING SOURCE
Original cataloging agency PE SENCICO BE
Transcribing agency PE SENCICO BE
082 ## - DEWEY DECIMAL CLASSIFICATION NUMBER
Classification number 728(083.9)
Item number P85
110 1# - MAIN ENTRY--CORPORATE NAME
Corporate name or jurisdiction name as entry element Proyecto Experimental de Vivienda Previ
245 #0 - TITLE STATEMENT
Title Previ resultados y conclusiones 20 años después /
Statement of responsibility, etc. Proyecto Especial de Vivienda Previ
260 ## - PUBLICATION, DISTRIBUTION, ETC.
Place of publication, distribution, etc. Lima
260 ## - PUBLICATION, DISTRIBUTION, ETC.
Date of publication, distribution, etc. 1988
300 ## - PHYSICAL DESCRIPTION
Extent 40 p.:
Other physical details il., diagrs.;
Dimensions 30 cm.
520 ## - SUMMARY, ETC.
Summary, etc. Esta exposición de PREVI, a los 20 años de su nacimiento pretende mostrar una síntesis de las numerosas soluciones técnicas que este proyecto planteó, a todos aquellos interesados en el mejoramiento de las condiciones habitacionales existentes
650 14 - SUBJECT ADDED ENTRY--TOPICAL TERM
Topical term or geographic name entry element VIVIENDAS
650 20 - SUBJECT ADDED ENTRY--TOPICAL TERM
Topical term or geographic name entry element Diseño de estructuras
9 (RLIN) 16
650 20 - SUBJECT ADDED ENTRY--TOPICAL TERM
Topical term or geographic name entry element Urbanismo
9 (RLIN) 78
942 ## - ADDED ENTRY ELEMENTS (KOHA)
Koha item type Libros
Source of classification or shelving scheme Dewey Decimal Classification
Classification part 728(083.9)
Item part P85
Existencias
Fecha de la última vez que lo usaron Pago total Signatura topográfica completa Código de barras Precio efectivo desde Tipo de documento Estado perdido Estado dañado No es para préstamo Retirado Ubicación permanente Ubicación actual Fecha de adquisición
15/05/2020   728(083.9)/P85 Bib-Lima15052310 15/05/2020 Libros         Biblioteca Central Lima Biblioteca Central Lima 15/05/2020